| Поле | Инд. | ПП | Название | Значение |
|---|---|---|---|---|
| Тип записи | a | |||
| Библиографический уровень | m | |||
| 001 | Контрольный номер | RU/IS/BASE/387458433 | ||
| 005 | Дата корректировки | 20140226025221.9 | ||
| 008 | Кодируемые данные | 960426 d | ||
| 040 | a | Служба первич. каталог. | НБ ТвГУ | |
| 041 | a | Код языка текста | rus | |
| 080 | a | Индекс УДК | 541.11(075.8) | |
| 084 | a | Индекс другой классификации/Индекс ББК | Г531я731-1 | |
| 090 | a | Полочн. индекс | 541 | |
| x | Авторский знак | К 21 | ||
| 100 | 1_ | a | Автор | Карапетьянц Михаил Христофорович |
| q | Полное имя | Карапетьянц М. Х. | ||
| 245 | 10 | a | Заглавие | Химическая термодинамика |
| b | Продолж. заглавия | учебное пособие для химических специальностей высших учебных заведений | ||
| 250 | a | Основные сведения об издании | Изд. 2-е, перераб. и доп. | |
| 260 | 0_ | a | Место издания | Москва |
| a | Место издания | Ленинград | ||
| b | Издательство | Госхимиздат | ||
| c | Дата издания | 1953 | ||
| 300 | a | Объем | 611, [1] с., [3] л. диагр. | |
| b | Иллюстрации/ тип воспроизводства | черт. | ||
| c | Размеры | 23 см | ||
| 504 | a | Библиография | Библиогр.: с. 553-556 | |
| 504 | a | Библиография | Предм. указ.: с. 592-611 | |
| 650 | a | Основная рубрика | Химическая термодинамика | |
| x | Основная подрубрика | Учебники для вузов | ||
| 650 | a | Основная рубрика | Физическая химия | |
| 653 | a | Ключевые слова | Термодинамика | |
| a | Ключевые слова | Учебники | ||
| a | Ключевые слова | Химическая термодинамика | ||
| 901 | t | Тип документа | m | |
| 920 | a | Оператор | Шалы | |
| 930 | a | Новая/Ретро | учебники | |
| 954 | a | Дата поступления на обработку | 20120411 |